000
00250nam a2200085Ia 4500
245
0
_a
Gevind: 'n baba voor Kersfees
100
_a
IDING, Laura Parklands, 2009 Afrikaanse uitg
_9
93115
942
_c
BK
008
210817s9999 xx 000 0 und d
999
_c
401017
_d
401016